Mythology: (Record no. 210680)

MARC details
000 -LEADER
fixed length control field 00581nam a2200181 4500
005 - DATE AND TIME OF LATEST TRANSACTION
control field 20250402155737.0
010 ## - LCCN (DPL NO)
LC control number ENG-144435
020 ## - INTERNATIONAL STANDARD BOOK NUMBER
International Standard Book Number 9789357316620
Terms of availability 599.00
035 ## - SYSTEM CONTROL NUMBER
System control number EN-127967
037 ## - SOURCE OF ACQUISITION
Source of stock number/acquisition DBAD
082 ## - DEWEY DECIMAL CLASSIFICATION NUMBER
Classification number 230.1
100 ## - MAIN ENTRY--PERSONAL NAME
Personal name Hamilton, Edith
245 ## - TITLE STATEMENT
Title Mythology:
Remainder of title Timless Tales of Goals and Heroes/
Statement of responsibility, etc Edith Hamilton
260 ## - PUBLICATION, DISTRIBUTION, ETC. (IMPRINT)
Place of publication, distribution, etc Gurugram
Name of publisher, distributor, etc Hachette Books Publishing
Date of publication, distribution, etc 2024
270 ## - ADDRESS
Address 4th and 5th Floor, Corporate Centre, Plot No.-94, Sector 44,
City Gurugram
Postal code 122003
300 ## - PHYSICAL DESCRIPTION
Extent 449p.
Dimensions 20cm(pb)
942 ## - ADDED ENTRY ELEMENTS (KOHA)
Source of classification or shelving scheme Dewey Decimal Classification
Item type English Books
Classification part 230.1
Call number suffix HAM
Holdings
Withdrawn status Lost status Not for loan Collection code Home library Current library Date acquired Source of acquisition Cost, normal purchase price Full call number Barcode Copy number Cost, replacement price Koha item type
    Not For Loan Non-fiction D.B.Act.Division D.B.Act.Division 02/04/2025 Delivery of Books Act Division 599.00 230.1 HAM EN-127967 1 599.00 English Books

© Delhi Public Library
Hit Counter
free hit counter